| 000 | 00462nam a2200181Ia 4500 | ||
|---|---|---|---|
| 003 | GCL | ||
| 008 | 140319s9999 xx 000 0 eng d | ||
| 040 |
_aGCL / _cGCL |
||
| 082 | 0 | 4 |
_a973 _bM H |
| 100 | 1 | _aMURRAY, JOHN | |
| 245 | 1 | 0 |
_aTHE HERITAGE OF THE MIDDLE WEST / _cMURRAY, JOHN |
| 260 |
_a[S.N] : _bUNIVERSITY OF OKLAHOMA PRESS ، _c1958 |
||
| 300 | _a303 | ||
| 650 | 0 | 4 | _aUNITED STATES |
| 650 | 0 | 4 | _aHISTORY |
| 650 | 0 | 4 | _aMIDDLE WEST |
| 942 |
_2ddc _cBK |
||
| 999 |
_c11009 _d11009 |
||